000 00712nam a2200193 i 4500
001 147310
003 ES-MaACL
005 20260127062548.0
007 t|
008 070927s1957 sp ||||1| spa d
100 1 _aUbierna y Eusa, José Antonio
_9111838
245 1 0 _aResumen del Curso Académico 1955-1956 /
_cleído el día 16 de enero de 1957 por José Antonio Ubierna.
260 _aMadrid :
_bImp. Viuda de Galo Sèz,
_c1957.
300 _a112 p. ;
_c24 cm.
500 _aPrecede al tít.: Real Academia de Jurisprudencia y Legislación.
700 _aReal Academia de Jurisprudencia y Legislación de España
_9217612
852 _aES-MaACL
_jC-12234
_bR.40279
999 _c147310
_d147310